[Event "FIDE Womens Grand Swiss 2021"]
[Site "Riga"]
[Date "2021.11.03"]
[Round "7.24"]
[White "Danielian, Elina"]
[Black "Golsta, Madara"]
[Result "1-0"]
[WhiteElo "2450"]
[BlackElo "2003"]
[Annotator "ChessBase"]
[PlyCount "125"]
[EventDate "2021.10.27"]
[EventType "swiss"]
[EventCountry "LAT"]
[Tiebreak "Cut1 Buchholz+Sonneborn-Berger (Swiss)"]
[SourceTitle "playchess.com"]
[Source "ChessBase"]
[SourceQuality "1"]
[TimeControl "40/6000+30:20/3000+30:900+30"]

1. Nf3 {[%emt 0:10:30]} Nf6 {[%emt 0:10:30]} 2. c4 {[%emt 0:00:06]} g6 {
[%emt 0:01:02]} 3. g3 {[%emt 0:00:33]} Bg7 {[%emt 0:00:18]} 4. Bg2 {[%emt 0:00:
05]} O-O {[%emt 0:00:37]} 5. O-O {[%emt 0:00:05]} c5 {[%emt 0:00:42]} 6. d4 {
[%emt 0:00:50]} cxd4 {[%emt 0:00:17]} 7. Qxd4 {[%emt 0:00:41]} Nc6 {[%emt 0:00:
39]} 8. Qh4 {[%emt 0:00:33]} Qa5 {[%emt 0:00:38]} 9. Nc3 {[%emt 0:00:23]} d6 {
[%emt 0:00:32]} 10. Rd1 {[%emt 0:02:52]} Qh5 {[%emt 0:03:52]} 11. Qxh5 {
[%emt 0:00:13]} Nxh5 {[%emt 0:00:24]} 12. Nd5 {[%emt 0:05:48]} h6 {[%emt 0:08:
52]} 13. h3 {[%emt 0:01:54]} Kh7 {[%emt 0:02:07]} 14. g4 {[%emt 0:04:05]} Nf6 {
[%emt 0:03:30]} 15. Rb1 {[%emt 0:14:16]} Be6 {[%emt 0:05:33]} 16. g5 {[%emt 0:
05:21]} Ne4 {[%emt 0:04:55]} 17. gxh6 {[%emt 0:01:38]} Bxh6 {[%emt 0:00:50]}
18. Bxh6 {[%emt 0:00:15]} Kxh6 {[%emt 0:00:09]} 19. Nd4 {[%emt 0:01:23]} Bxd5 {
[%emt 0:02:50]} 20. cxd5 {[%emt 0:00:05]} Nxd4 {[%emt 0:00:19]} 21. Rxd4 {
[%emt 0:00:04]} Nf6 {[%emt 0:00:24]} 22. Rc1 {[%emt 0:06:12]} Rac8 {[%emt 0:02:
48]} 23. Rdc4 {[%emt 0:00:15]} Rxc4 {[%emt 0:00:53]} 24. Rxc4 {[%emt 0:00:06]}
Rd8 {[%emt 0:00:09]} 25. h4 {[%emt 0:01:38]} b5 {[%emt 0:07:26]} 26. Rc7 {
[%emt 0:02:40]} Rd7 {[%emt 0:00:31]} 27. Rc8 {[%emt 0:00:03]} Rb7 {[%emt 0:02:
48]} 28. e4 {[%emt 0:08:25]} Nd7 {[%emt 0:01:15]} 29. Kh2 {[%emt 0:09:41]} Nc5
{[%emt 0:07:04]} 30. e5 {[%emt 0:05:28]} Nd3 {[%emt 0:00:26]} 31. e6 {[%emt 0:
07:36]} Kg7 {[%emt 0:02:21]} 32. Rd8 {[%emt 0:10:13]} fxe6 {[%emt 0:01:05]} 33.
dxe6 {[%emt 0:00:01]} Rb6 {[%emt 0:00:20]} 34. Re8 {[%emt 0:02:39]} Kf6 {
[%emt 0:00:27]} 35. Bh3 {[%emt 0:00:01]} Nf4 {[%emt 0:04:45]} 36. Rf8+ {
[%emt 0:00:05]} Ke5 {[%emt 0:00:16]} 37. Bg4 {[%emt 0:00:09]} Nxe6 {[%emt 0:01:
20]} 38. Rf7 {[%emt 0:00:06]} Rb7 {[%emt 0:00:31]} 39. Kg3 {[%emt 0:00:04]} d5
{[%emt 0:02:19]} 40. f4+ {[%emt 0:00:03]} Kd6 {[%emt 0:00:22]} 41. Rh7 {
[%emt 0:50:03]} Nxf4 {[%emt 0:51:22]} 42. Rf7 {[%emt 0:01:27]} Nd3 {[%emt 0:01:
23]} 43. Rg7 {[%emt 0:00:48]} Ne5 {[%emt 0:00:34]} 44. Be2 {[%emt 0:00:02]} Ke6
{[%emt 0:01:50]} 45. Kf4 {[%emt 0:00:03]} Kf6 {[%emt 0:00:30]} 46. Rg8 {
[%emt 0:00:02]} Nd7 {[%emt 0:03:07]} 47. Rc8 {[%emt 0:00:15]} e5+ {[%emt 0:06:
00]} 48. Ke3 {[%emt 0:00:23]} Kf5 {[%emt 0:01:00]} 49. Bd3+ {[%emt 0:01:14]} e4
{[%emt 0:00:30]} 50. Bf1 {[%emt 0:01:32]} Kg4 {[%emt 0:03:13]} 51. Rh8 {
[%emt 0:04:21]} Nf6 {[%emt 0:02:00]} 52. Be2+ {[%emt 0:03:17]} Kf5 {[%emt 0:00:
40]} 53. Kd4 {[%emt 0:00:05]} Rc7 {[%emt 0:01:26]} 54. Bxb5 {[%emt 0:01:49]}
Rc2 {[%emt 0:00:22]} 55. Rf8 {[%emt 0:00:06]} Rd2+ {[%emt 0:01:16]} 56. Kc3 {
[%emt 0:00:04]} e3 {[%emt 0:01:29]} 57. Rf7 {[%emt 0:05:52]} d4+ {[%emt 0:07:
42]} 58. Kb3 {[%emt 0:00:07]} d3 {[%emt 0:01:25]} 59. Kc3 {[%emt 0:00:51]} Rc2+
{[%emt 0:00:00]} 60. Kxd3 {[%emt 0:00:00]} e2 {[%emt 0:00:00]} 61. Bd7+ {
[%emt 0:02:06]} Ke5 {[%emt 0:00:00]} 62. Kxc2 {[%emt 0:00:13]} Nxd7 {[%emt 0:
03:13]} 63. Kd2 {[%emt 0:02:10]} 1-0

[Event "FIDE Womens Grand Swiss 2021"]
[Site "Riga"]
[Date "2021.11.03"]
[Round "7.25"]
[White "Milliet, Sophie"]
[Black "February, Jesse Nikki"]
[Result "1-0"]
[WhiteElo "2410"]
[BlackElo "1857"]
[Annotator "NA"]
[PlyCount "111"]
[EventDate "2021.10.27"]
[EventType "swiss"]
[EventCountry "LAT"]
[Tiebreak "Cut1 Buchholz+Sonneborn-Berger (Swiss)"]
[SourceTitle "playchess.com"]
[Source "ChessBase"]
[SourceQuality "1"]
[TimeControl "40/6000+30:20/3000+30:900+30"]

1. e4 {[%emt 0:10:03]} e6 {[%emt 0:10:25]} 2. d4 {[%emt 0:00:05]} d5 {[%emt 0:
00:06]} 3. Nc3 {[%emt 0:00:03]} dxe4 {[%emt 0:00:12]} 4. Nxe4 {[%emt 0:00:03]}
Nd7 {[%emt 0:00:14]} 5. Nf3 {[%emt 0:00:18]} Ngf6 {[%emt 0:00:15]} 6. Nxf6+ {
[%emt 0:00:45]} Nxf6 {[%emt 0:00:11]} 7. Ne5 {[%emt 0:00:18]} Be7 {[%emt 0:03:
11]} 8. Bd3 {[%emt 0:00:55]} O-O {[%emt 0:02:47]} 9. O-O {[%emt 0:00:12]} c5 {
[%emt 0:01:22]} 10. dxc5 {[%emt 0:00:48]} Qd5 {[%emt 0:03:31]} 11. Qe2 {
[%emt 0:25:52]} Qxc5 {[%emt 0:05:14]} 12. Bg5 {[%emt 0:01:31]} Rd8 {[%emt 0:07:
27]} 13. Rfe1 {[%emt 0:06:51]} Bd7 {[%emt 0:03:50]} 14. Bxf6 {[%emt 0:11:11]}
Bxf6 {[%emt 0:00:48]} 15. Qh5 {[%emt 0:07:35]} Bxe5 {[%emt 0:11:46]} 16. Rxe5 {
[%emt 0:00:10]} ({Worse is} 16. Qxe5 Qxe5 17. Rxe5 Bc6 $11) 16... g6 {[%emt 0:
03:58]} 17. Rxc5 {[%emt 0:00:44]} gxh5 {[%emt 0:00:09]} 18. Rxh5 {[%emt 0:00:
09]} f5 {[%emt 0:00:10]} 19. Re1 {[%emt 0:00:56]} Rf8 {[%emt 0:03:25]} 20. f4 {
[%emt 0:03:53]} Rae8 $18 {[%emt 0:02:15]} 21. Rh3 {[%emt 0:01:04]} Rf6 {
[%emt 0:01:22]} 22. Rhe3 {[%emt 0:01:49]} Kf7 {[%emt 0:01:48]} 23. c3 {[%emt 0:
11:36]} Rg8 {[%emt 0:02:08]} 24. Bc4 {[%emt 0:02:09]} Rg4 {[%emt 0:02:00]} 25.
g3 {[%emt 0:00:25]} Rg8 {[%emt 0:01:58]} 26. Bd5 {[%emt 0:03:13]} b6 {[%emt 0:
02:20]} 27. Bf3 {[%emt 0:00:10]} Ke7 {[%emt 0:01:23]} 28. Rd1 {[%emt 0:00:49]}
Be8 {[%emt 0:00:37]} 29. Red3 {[%emt 0:01:59]} h5 {[%emt 0:02:01]} 30. Rd8 {
[%emt 0:00:59]} Rff8 {[%emt 0:02:37]} 31. Ra8 {[%emt 0:01:14]} a5 {[%emt 0:01:
43]} 32. Ra7+ {[%emt 0:07:44]} Kf6 {[%emt 0:00:25]} 33. Rh7 {[%emt 0:02:46]}
Bg6 {[%emt 0:01:26]} 34. Rb7 {[%emt 0:00:05]} Rb8 {[%emt 0:02:21]} 35. Rdd7 {
[%emt 0:04:04]} Rgc8 {[%emt 0:04:20]} 36. Kf2 {[%emt 0:01:08]} Be8 {[%emt 0:02:
38]} 37. Rh7 {[%emt 0:02:45]} Bg6 {[%emt 0:01:13]} 38. Rhc7 {[%emt 0:00:12]}
Rd8 {[%emt 0:00:53]} 39. Rxb8 {[%emt 0:00:10]} Rxb8 {[%emt 0:00:08]} 40. Ke3 {
[%emt 0:01:40]} Bf7 {[%emt 0:03:38]} 41. a3 {[%emt 0:41:27]} Be8 {[%emt 0:24:
31]} 42. Rb7 {[%emt 0:04:56]} Rxb7 {[%emt 0:02:56]} 43. Bxb7 {[%emt 0:00:01]}
e5 {[%emt 0:00:26]} 44. fxe5+ {[%emt 0:00:15]} Kxe5 {[%emt 0:00:10]} 45. h4 {
[%emt 0:01:07]} Bf7 {[%emt 0:04:04]} 46. b4 {[%emt 0:00:12]} axb4 {[%emt 0:01:
29]} 47. cxb4 {[%emt 0:00:18]} Be8 {[%emt 0:01:26]} 48. Bf3 {[%emt 0:00:11]}
Ke6 {[%emt 0:05:18]} 49. Kf4 {[%emt 0:00:28]} Kf6 {[%emt 0:00:31]} 50. Bd1 {
[%emt 0:00:09]} Kg6 {[%emt 0:10:41]} 51. a4 {[%emt 0:00:57]} Bc6 {[%emt 0:01:
12]} 52. a5 {[%emt 0:00:08]} bxa5 {[%emt 0:00:45]} 53. bxa5 {[%emt 0:00:01]}
Be4 {[%emt 0:00:15]} 54. a6 {[%emt 0:00:13]} Kh6 {[%emt 0:00:36]} 55. a7 {
[%emt 0:00:04]} Kg6 {[%emt 0:00:54]} 56. Bf3 {[%emt 0:00:04]} 1-0

[Event "FIDE Womens Grand Swiss 2021"]
[Site "Riga"]
[Date "2021.11.04"]
[Round "8.1"]
[White "Lei, Tingjie"]
[Black "Kashlinskaya, Alina"]
[Result "1-0"]
[WhiteElo "2505"]
[BlackElo "2493"]
[Annotator "TA"]
[PlyCount "83"]
[EventDate "2021.10.27"]
[EventType "swiss"]
[EventCountry "LAT"]
[Tiebreak "Cut1 Buchholz+Sonneborn-Berger (Swiss)"]
[SourceTitle "playchess.com"]
[Source "ChessBase"]
[SourceQuality "1"]

{[%evp 14,83,20,21,20,17,29,17,32,8,16,37,27,6,20,8,12,4,15,19,77,75,95,96,92,
97,106,106,100,78,83,75,161,161,170,162,170,164,170,168,168,168,168,172,212,
213,210,216,200,198,203,220,210,212,260,260,489,468,697,670,12789,11285,12725,
2622,12818,12818,12822,12826,12819,6797,4790,2386]} 1. e4 e6 2. d4 d5 3. exd5
exd5 4. Nf3 Nf6 5. Bd3 c5 6. O-O c4 7. Re1+ Be7 8. Bf1 O-O {C01: French:
Exchange Variation.} 9. b3 cxb3 10. axb3 Nc6 {The position is equal.} 11. Ne5
Nxe5 12. dxe5 Ne4 13. Ba3 Bxa3 14. Nxa3 Qb6 $1 15. Re3 Be6 16. Nb5 f6 {[#]} (
16... Rac8 $11 {keeps the balance.}) 17. exf6 $146 ({Predecessor:} 17. Qd4 Rac8
18. Qxb6 axb6 19. f3 Nc5 20. Nd4 fxe5 21. Rxe5 Bf7 22. Bb5 Ra8 23. Rae1 {
1-0 (34) Gvetadze,S (2338)-Zhukova,N (2442) Batumi 2012}) 17... Rxf6 18. Qd4
Qxd4 19. Nxd4 {[#] Black must now prevent f3.} Bf7 20. f3 Nd6 21. Ra5 Rf4 22.
Ne6 Re8 23. Nxf4 $18 Rxe3 24. Rxa7 g5 25. Ne2 Kg7 26. Kf2 Re7 27. Nd4 Kf6 28.
Bd3 Bg6 29. Bxg6 hxg6 {[%mdl 4096] Endgame KRN-KRN} 30. Ra5 Ke5 31. Ke3 Nf5+
32. Nxf5 gxf5 {KR-KR} 33. Kd3 Rh7 {[#]} 34. h3 Kd6 $2 (34... Ke6 35. Rb5 Rc7)
35. Kd4 {White is clearly winning.} Rh4+ (35... Rf7 $142 36. Rxd5+ Ke6) 36. g4
f4 37. Rxd5+ {[%mdl 64] Double Attack} Kc6 38. Rc5+ (38. c4 $142 Rh7 39. Rxg5)
38... Kd6 39. Rxg5 Rxh3 40. Ke4 Rh2 41. c4 Rb2 42. Rb5 {Weighted Error Value:
White=0.04/Black=0.29} 1-0

[Event "FIDE Womens Grand Swiss 2021"]
[Site "Riga"]
[Date "2021.11.04"]
[Round "8.2"]
[White "Paehtz, Elisabeth"]
[Black "Kosteniuk, Alexandra"]
[Result "1/2-1/2"]
[WhiteElo "2475"]
[BlackElo "2518"]
[Annotator "TA"]
[PlyCount "49"]
[EventDate "2021.10.27"]
[EventType "swiss"]
[EventCountry "LAT"]
[Tiebreak "Cut1 Buchholz+Sonneborn-Berger (Swiss)"]
[SourceTitle "playchess.com"]
[Source "ChessBase"]
[SourceQuality "1"]

{[%evp 9,49,6,2,0,6,1,6,0,0,0,0,0,1,0,17,0,14,-16,0,-19,-18,-34,-24,-19,-19,
-20,-20,-27,-20,-27,-21,-39,-33,-39,-27,-27,0,-37,0,-27,0,-39]} 1. e4 e5 2. Nf3
Nc6 3. Bb5 a6 4. Ba4 Nf6 5. Nc3 Bc5 6. Bxc6 {C77: Ruy Lopez: 3...a6 4 Ba4 Nf6,
unusual lines.} dxc6 7. d3 Qd6 8. Be3 {[#]} Bxe3 $146 ({Predecessor:} 8... Bg4
9. h3 Bh5 10. g4 Bg6 11. Qd2 Bb4 12. a3 Ba5 13. b4 Bb6 14. Bxb6 cxb6 {1/2-1/2 
(34) De Jong,M (2304)-Van den Doel,E (2563) Delft 2015}) 9. fxe3 Bg4 10. h3 Be6
11. Qe2 c5 12. a4 Ng8 13. Nd2 Ne7 14. b3 Nc6 15. Nc4 Qd8 16. Qh5 O-O 17. O-O ({
Not} 17. Nxe5 $2 Qf6 $19) 17... f6 18. Rf2 b6 19. Qf3 Qd7 20. Qg3 Nb4 21. Raf1
Qe7 22. Qh4 Qd7 23. Qg3 Qe7 24. Qh4 Qd7 25. Qg3 {Weighted Error Value: White=0.
07/Black=0.08} 1/2-1/2

[Event "FIDE Womens Grand Swiss 2021"]
[Site "Riga"]
[Date "2021.11.04"]
[Round "8.3"]
[White "Zhu, Jiner"]
[Black "Muzychuk, Mariya"]
[Result "1/2-1/2"]
[WhiteElo "2455"]
[BlackElo "2536"]
[Annotator "TA"]
[PlyCount "79"]
[EventDate "2021.10.27"]
[EventType "swiss"]
[EventCountry "LAT"]
[Tiebreak "Cut1 Buchholz+Sonneborn-Berger (Swiss)"]
[SourceTitle "playchess.com"]
[Source "ChessBase"]
[SourceQuality "1"]

{[%evp 24,79,13,13,31,13,14,6,16,25,18,10,29,29,6,22,22,35,29,9,21,8,12,23,19,
19,12,15,8,25,11,-4,-3,-57,-70,-13,-40,-349,0,0,6,-16,0,0,0,0,0,0,0,0,0,0,0,0,
0,0,0,0]} 1. e4 c5 2. Nf3 Nc6 3. d4 cxd4 4. Nxd4 Nf6 5. Nc3 e5 6. Ndb5 d6 7.
Bg5 a6 8. Na3 b5 9. Nd5 Be7 10. Bxf6 Bxf6 11. c3 Rb8 12. Nc2 Bg5 13. a4 bxa4 {
B33: Sicilian: Pelikan and Sveshnikov Variations.} 14. Ncb4 Nxb4 15. cxb4 O-O
16. Rxa4 a5 17. h4 (17. Rxa5 $2 Rxb4 $3 {[%mdl 512]} 18. Ra4 Rxb2 $19) (17.
bxa5 Rxb2 18. Qa1 Rc2 $17) 17... Bh6 18. b5 (18. Rxa5 $2 Rxb4 $3 {[%mdl 512]}
19. Ra8 Rxe4+ 20. Be2 Rd4 $17) (18. bxa5 Rxb2 19. Qa1 Rc2 $17) 18... Kh8 19.
Be2 Bd7 20. Nc3 Rc8 21. Bc4 f5 22. exf5 (22. Qxd6 fxe4 23. Qd5 (23. Nxe4 Bxb5
24. Qxd8 Rfxd8 $17) 23... Bf5 $15) 22... Bxf5 23. g4 Rxc4 $1 24. Rxc4 Be6 25.
Rc6 Qf6 {[%csl Gf8][%cal Rf6f2]} 26. Rf1 {Threatens to win with g5.} Be3 {
[%mdl 64] [#] Pin} 27. Qe2 $146 ({Don't play} 27. Qxd6 Bxf2+ 28. Kd2 Rd8 $17) (
{Predecessor:} 27. Ne4 Qf4 28. Qd3 Bc5 29. Nxc5 dxc5 30. Rxe6 {1/2-1/2 (30)
Solf,F (2318)-Laube,B (2347) GER email 2015}) 27... Bc5 28. b6 (28. Ne4 $11
Bb4+ 29. Kd1) 28... Qf4 $1 $15 {[%cal Rf4c1] And now ...Qc1+ would win.} 29.
Qd2 Qf3 30. Rxd6 {[%mdl 8192] [#]} (30. Rxc5 $1 $15 dxc5 31. Qd6) 30... Bxd6 $2
({Weaker is} 30... Bxg4 31. Rd3 $15) ({Better is} 30... Bc4 $1 $19 {[%cal
Rc4f1]} 31. Rd8 Qg2 32. Rxf8+ Bxf8) 31. Qxd6 $11 {[%mdl 64] Double Attack. The
position is equal.} Bc8 ({Wrong is} 31... Bxg4 $2 32. b7 $18) (31... Re8 {
is more complex.} 32. Rg1 Rf8 33. Rf1) 32. Qd5 {next Qxf3 is good for White.} (
32. Kd2 {is interesting.} a4 33. Qxe5 Ba6 34. Rd1 Qxf2+ 35. Kc1) 32... Bxg4 {
...Qf4 is the strong threat.} 33. Qxf3 Bxf3 {[%mdl 4096] Endgame KRB-KRN} 34.
Kd2 Rb8 35. Ke3 Bc6 36. Ra1 Rxb6 37. Rxa5 Rxb2 38. Rc5 Bb7 39. Rxe5 {[%cal
Re5e8]} h6 40. Rb5 {Weighted Error Value: White=0.29/Black=0.14} 1/2-1/2

[Event "FIDE Womens Grand Swiss 2021"]
[Site "Riga"]
[Date "2021.11.04"]
[Round "8.4"]
[White "Javakhishvili, Lela"]
[Black "Dzagnidze, Nana"]
[Result "1/2-1/2"]
[WhiteElo "2446"]
[BlackElo "2524"]
[Annotator "TA"]
[PlyCount "88"]
[EventDate "2021.10.27"]
[EventType "swiss"]
[EventCountry "LAT"]
[Tiebreak "Cut1 Buchholz+Sonneborn-Berger (Swiss)"]
[SourceTitle "playchess.com"]
[Source "ChessBase"]
[SourceQuality "1"]

{[%evp 9,88,28,40,0,0,0,0,0,0,0,0,0,0,-12,-16,-14,0,0,0,0,0,0,0,0,58,40,37,0,
35,37,240,130,101,0,91,91,95,92,96,94,89,102,110,106,117,102,111,114,128,124,
119,96,72,13,11,11,20,27,27,7,0,0,0,0,0,0,0,0,0,0,28,28,28,28,30,33,54,0,0,0,0]
} 1. d4 Nf6 2. c4 e6 3. Nf3 d5 4. Nc3 dxc4 5. e4 Bb4 6. Bxc4 {D24: Queen's
Gambit Accepted: 3 Nf3 Nf6 4 Nc3.} Nxe4 7. O-O Nxc3 8. bxc3 Be7 9. Bf4 Nd7 10.
Qc2 O-O 11. Bd3 Nf6 12. Ne5 {[#]} b6 $146 ({Predecessor:} 12... c5 13. dxc5 h6
14. Rad1 Qa5 15. Rfe1 Qxc5 16. c4 Qa5 17. g4 Rd8 {0-1 (64) Sturt,R (2494)
-Stukan,M (2376) Banja Vrujci 2021}) 13. Rae1 Bb7 14. Re3 $1 Qd5 {[%csl Gb7]
[%cal Rd5g2]} 15. Rg3 {f3 is the strong threat.} Nh5 $1 {[%cal Rh5f4]} 16. Re1
Nxg3 ({But not} 16... Nxf4 $2 17. Bxh7+ Kh8 18. Be4 $18) (16... f5 $1 $11 17.
Bc4 Qd8 18. Bxe6+ Kh8) 17. fxg3 $14 Qd8 {Hoping for ...h6.} 18. Bxh7+ Kh8 19.
Bd3 {[%mdl 1024] aiming for Qd1. White has compensation.} Bg5 $2 (19... Kg8 $1
$14) 20. Rf1 (20. Qd1 $1 $18 {[%cal Rd1h5] Black must now prevent Qh5+.} Bxf4
21. gxf4) 20... Kg8 $16 21. Bh7+ Kh8 {[#]} 22. Bg6 $1 {[%cal Rg6f7]} fxg6 ({
Don't blunder} 22... Bxf4 $2 23. Rxf4 fxg6 24. Nxg6+ Kg8 25. Rxf8+ Qxf8 26.
Nxf8 $18) 23. Nxg6+ {[%mdl 64] Double Attack} Kg8 24. Nxf8 Qxf8 25. Bxg5 Qd6
26. Bf4 Qd5 27. Bxc7 Rc8 28. Be5 Rxc3 {[#]} 29. Qf2 {[%cal Rf2f8] White
threatens Qf8+ and mate.} Kh7 30. Qe2 {White wants to mate with Qh5+.} (30. Re1
{seems wilder.} Kg8 31. h3 Rc8 32. Kh2 Qd8 33. Re2) 30... Kg8 31. h3 (31. g4
$16) 31... Qe4 $1 $11 {[%cal Re4e2]} 32. Qxe4 Bxe4 {[%mdl 4096] Endgame KRB-KRB
} 33. Rf4 Bb1 34. Rg4 g6 35. Rh4 Bxa2 36. Rh8+ Kf7 37. Rh7+ Ke8 38. Rxa7 (38.
Rg7 {is more complex.} Bd5 39. Rxg6 b5 40. Rg8+ Kf7 41. Rg7+) 38... Bd5 39. Rc7
(39. Rg7 {looks sharper.} b5 40. Rg8+ Ke7 41. Rxg6 b4 42. Rg7+) 39... Rxc7 (
39... Rb3 {with more complications.} 40. Kf2 Rb2+ 41. Ke3 Rxg2 42. Rg7 b5) 40.
Bxc7 b5 $1 41. Ba5 Kd7 42. Kf2 Be4 43. Ke3 ({White should play} 43. g4 $14)
43... Bxg2 44. h4 Ke7 {Weighted Error Value: White=0.10/Black=0.14} 1/2-1/2

[Event "FIDE Womens Grand Swiss 2021"]
[Site "Riga"]
[Date "2021.11.04"]
[Round "8.5"]
[White "Harika, Dronavalli"]
[Black "Badelka, Olga"]
[Result "1/2-1/2"]
[WhiteElo "2511"]
[BlackElo "2438"]
[Annotator "TA"]
[PlyCount "60"]
[EventDate "2021.10.27"]
[EventType "swiss"]
[EventCountry "LAT"]
[Tiebreak "Cut1 Buchholz+Sonneborn-Berger (Swiss)"]
[SourceTitle "playchess.com"]
[Source "ChessBase"]
[SourceQuality "1"]

{[%evp 10,60,25,10,5,8,5,0,5,-23,-18,-19,-16,-44,0,0,0,0,0,-2,0,-6,20,15,35,29,
32,18,14,19,17,16,22,10,18,9,10,0,6,6,7,0,5,0,0,0,0,0,0,0,0,0,0]} 1. e4 e5 2.
Nf3 Nc6 3. Bb5 Nf6 4. d3 d6 5. O-O a6 6. Ba4 b5 {C79: Ruy Lopez: Steinitz-type
lines with 3...a6 4 Ba4 Nf6 5 0-0 d6.} 7. Bb3 Na5 $1 {The main line 7...Na5
scores better than 7...Be7.} 8. Re1 Be7 {[#]} 9. a4 $146 ({Predecessor:} 9.
Nbd2 O-O 10. Nf1 Nxb3 11. axb3 c5 12. Ng3 Re8 13. h3 g6 14. Bg5 Nd7 15. Bxe7
Qxe7 16. Qd2 Nf8 17. Ra5 Ne6 18. Rea1 Bb7 19. Nf1 {0-1 (32) Babazada,K (2919)
-Postny,E (2693) Chess.com INT 2020}) 9... Nxb3 10. cxb3 Bb7 11. Nc3 Qd7 (11...
b4 {seems wilder.} 12. Ne2 O-O 13. Ng3 c5 14. Nd2 g6) 12. axb5 axb5 13. Rxa8+
Bxa8 14. b4 O-O 15. d4 exd4 16. Nxd4 d5 17. e5 Ne4 18. f3 Nxc3 {The position
is equal.} 19. bxc3 c5 20. bxc5 Bxc5 21. Be3 b4 22. cxb4 Bxb4 23. Bd2 Bc5 24.
Bc3 Re8 25. Kh1 Bb7 26. Qd2 Bc8 27. Nb3 Bf8 28. Bb4 Qb5 29. Bxf8 {[#] Strongly
threatening Nd4.} Qxb3 30. Bxg7 Kxg7 {Weighted Error Value: White=0.06/Black=0.
04} 1/2-1/2

[Event "FIDE Womens Grand Swiss 2021"]
[Site "Riga"]
[Date "2021.11.04"]
[Round "8.6"]
[White "Assaubayeva, Bibisara"]
[Black "Batsiashvili, Nino"]
[Result "1/2-1/2"]
[WhiteElo "2400"]
[BlackElo "2484"]
[Annotator "TA"]
[PlyCount "76"]
[EventDate "2021.10.27"]
[EventType "swiss"]
[EventCountry "LAT"]
[Tiebreak "Cut1 Buchholz+Sonneborn-Berger (Swiss)"]
[SourceTitle "playchess.com"]
[Source "ChessBase"]
[SourceQuality "1"]

{[%evp 10,76,40,39,35,-5,-16,-14,-10,-13,-6,-36,2,0,8,-54,-56,-52,-50,-41,-54,
-39,-16,0,31,0,0,0,0,0,0,0,0,0,0,-34,-25,-22,-31,-31,-27,-39,0,0,53,0,0,0,0,0,
68,68,130,8,8,8,8,8,8,8,8,15,15,0,0,0,0,0,0]} 1. d4 Nf6 2. c4 e6 3. Nf3 b6 4.
a3 Ba6 5. Qc2 c5 6. e4 {e5 is the strong threat.} cxd4 {E12: Queen's Indian:
Unusual White 4th moves, 4 a3, 4 Nc3 Bb7 5 a3 and 4 Nc3 Bb7 .} 7. Nxd4 (7. e5
$5 {[%cal Re5f6]} Ng8 8. Nxd4 $11) 7... Bc5 8. Nb3 Nc6 9. Be2 O-O 10. O-O Rc8 {
[#]} 11. Rd1 $146 ({Predecessor:} 11. Bf4 e5 12. Be3 Bxe3 13. fxe3 Ne7 14. N1d2
d5 15. exd5 Nexd5 16. Rf3 Bxc4 17. Nxc4 {0-1 (35) Chirivi Castiblanco,J (2244)
-Cori Tello,D (2384) Cali 2010}) 11... e5 12. Be3 ({White should try} 12. Bg5
$11) 12... Bxe3 $15 13. fxe3 Na5 14. Nxa5 bxa5 15. Rd6 Bb7 16. Nc3 Ne8 17. Rd2
Qg5 18. Rxd7 Bc6 19. Rd2 Qxe3+ 20. Kh1 Nf6 {[%cal Rf6e4]} 21. Bf3 Qc5 22. Be2
Rfd8 23. Rad1 Rd4 24. Rxd4 exd4 25. Nd5 Bxd5 26. exd5 Re8 (26... Qxd5 $11 27.
Qxh7+ Kxh7 28. cxd5 Nxd5) 27. Bf3 (27. Qd2 $1 $14) 27... h5 28. h3 Re3 29. Qd2
h4 ({Black should play} 29... g5 $11 30. Qxd4 Re1+ 31. Kh2 Qd6+ 32. g3 h4) 30.
d6 $1 $14 ({Avoid the trap} 30. Qxd4 $2 Re1+ $3 {[%mdl 512]} 31. Rxe1 Qxd4 $19)
30... Qxc4 {[#]} ({Better is} 30... d3 $14) 31. Qxd4 (31. Kh2 $1 $16) 31...
Re1+ $1 $11 {The position is equal.} 32. Kh2 Qf1 {[%csl Ge1][%cal Rf1h1]} 33.
Rxe1 Qxe1 34. Qxa7 Qe5+ 35. Kh1 Qxb2 36. d7 Qc1+ 37. Kh2 Qf4+ 38. Kh1 Qc1+ {
[%mdl 64] Double Attack.  Weighted Error Value: White=0.16/Black=0.13} 1/2-1/2